The Security of Panama and the Canal: now and the future /
Shranjeno v:
| Glavni avtor: | |
|---|---|
| Format: | Texto |
| Teme: | |
| Oznake: |
Označite
Brez oznak, prvi označite!
|
MARC
| LEADER | 00000 a a2200000 04500 | ||
|---|---|---|---|
| 001 | 8941 | ||
| 003 | |||
| 040 | |||
| 100 | |a Manwaring, Max G. | ||
| 245 | |a The Security of Panama and the Canal: |b now and the future / |c Max G. Manwaring | ||
| 650 | |a ZONA DEL CANAL DE PANAMA | ||
| 650 | |a SEGURIDAD | ||
| 650 | |a GOBERNABILIDAD | ||
| 650 | |a SOBERANIA | ||
| 650 | |a MEDIO AMBIENTE | ||
| 773 | |g volumen 35, número 3; páginas 151-170 | ||
| 999 | |c 38551 |d 38551 | ||
